| 000 | 00418nam a22001217a 4500 | ||
|---|---|---|---|
| 082 | _a200 THE | ||
| 100 |
_aSALMAN KHALID _970148 |
||
| 245 | _aTH-SOF-1284-FE Modeling of interacting indentation, flexural and delamination damage in lap joints of composites | ||
| 260 |
_aIslamabad _bNUST College of EME _c2016 |
||
| 650 | _a MS-MECH-76 MSTHESIS | ||
| 700 |
_aSupervisor DR. RIZWAN SAEED CHOUDHRY _970149 |
||
| 942 | _cCF | ||
| 999 |
_c577180 _d577180 |
||